| 000 | 00981nam0a2200289 i 4500 | ||
|---|---|---|---|
| 001 | RU\NLR\BIBL_A\010815425 | ||
| 005 | 20241115065359.0 | ||
| 010 |
_a9785699796977 _94000 |
||
| 021 |
_aRU _b2015-49275 _92923 |
||
| 035 | _a(NLR Aleph) 010815425 | ||
| 090 |
_a10221807 _c10221807 |
||
| 100 | _a20150811d2015 m y0rusy50 ca | ||
| 101 | 0 | _arus | |
| 102 | _aRU | ||
| 105 | _aa g 000yy | ||
| 200 | 1 |
_aГотовим с помощью блендера _eготовь быстро! готовь с удовольствием! |
|
| 210 |
_aМосква _cМастерская вкуса _cЭксмо _d2015 |
||
| 215 |
_a15 с. _cцв. ил. _d20 |
||
| 225 | 1 |
_aКулинария _iВеселые повара |
|
| 333 | _a16+ | ||
| 606 |
_aБлендеры _92478256 _3RU\NLR\AUTH\661471368 |
||
| 606 |
_aКулинария _xРецептура _92080572 _3RU\NLR\AUTH\661256513 |
||
| 686 | 1 | _aЛ997 | |
| 942 | _cBOOK | ||
| 980 | _aNBR | ||